| 000 | 00699nam a2200229Ia 4500 | ||
|---|---|---|---|
| 001 | 1153 | ||
| 003 | GE_BSU | ||
| 008 | 181216s||||||||xx |||||||||||||| ||und|| | ||
| 020 | _a5060013545 | ||
| 040 | _cGE_BSU | ||
| 080 | _a911.2(075.8) | ||
| 245 | _aФизическая география материков и океанов | ||
| 245 | _bУч-к не для географич. спец.ун-тов | ||
| 245 | _cПод ред.А.М.Рябчикова | ||
| 260 | _aМосква | ||
| 260 | _bВысшая школа | ||
| 260 | _c1988 | ||
| 300 | _a592стр. | ||
| 541 | _h20л. | ||
| 653 | _aФизическая география материков и океанов | ||
| 942 | _cBK | ||
| 999 |
_c35302 _d35302 |
||